Normal view
MARC view
- Kashif Shahzad
Entry Personal Name
001 - CONTROL NUMBER
- control field: 47947
003 - CONTROL NUMBER IDENTIFIER
- control field: NUST
005 - DATE AND TIME OF LATEST TRANSACTION
- control field: 20210314133934.0
008 - FIXED-LENGTH DATA ELEMENTS
- fixed length control field: 210314|| aca||aabn | a|a d
040 ## - CATALOGING SOURCE
- Original cataloging agency: NUST
- Transcribing agency: NUST
100 ## - HEADING--PERSONAL NAME
- Personal name: Kashif Shahzad
670 ## - SOURCE DATA FOUND
- Source citation: Work cat.: (NUST): Kashif Shahzad, Evaluation of Refraction Survey Geological Pedictions in Kohat Tunnel Project, 13-05-2002
